LEADER 02098nam a2200433 u 4500 001 000000035924 003 CaOOAMICUS 005 20070226112636.0 008 980316s1987 it u000 u ita u 020 $a8813161425 035 $a10785917 040 $aPUL$bita 100 1 $aAstorri, Romeo.$0(OLS)http://pul/name/27339 245 14$aGli statuti delle conferenze episcopali.$n1,$pEuropa /$cRomeo Astorri. 246 30$aEuropa 260 $aPadova :$bCEDAM,$c1987. 300 $axiii, 218 p. ;$c24 cm 490 1 $aQuaderni della codificazione canonica ;$v3 490 1 $aPubblicazioni della Università di Pavia.$aStudi nelle scienze giuridiche e sociali.$aNuova serie ;$v52 504 $aBibliografia in nota a pie' pagina. 650 4$aDiritto ecclesiastico.$0(OLS)http://pul/subject/6 830 0$aPubblicazioni della Università di Pavia.$pStudi nelle scienze giuridiche e sociali.$pNuova serie ;$v52.$0(OLS)http://pul/title/27546 830 0$aQuaderni della codificazione canonica ;$v3.$0(OLS)http://pul/title/49254 850 $aPUL 852 $aPUL$W1$xSL Diritto Canonico 3$y77$m262. 99 CAN.2 54$j49233$nBK-PRI$b $qDDC 21$B49233$CPULBib$Z2$F49233 $H64741 $81 852 $aPUL$W1$xDP1 Fondo Maccarrone$y58$m1522 A 41$j49234$nBK-PRI$b $qFondi$B49234$CPULBib$Z2$F49234 $81 852 $aPUL$W1$xSL Diritto Canonico 1$y5$m151 L 37$j49235$nBK-PRI$b $qStampati$B49235$CPULBib$Z2$F49235 $81 852 $aPUL$W1$xDP1 Fondo G. Barberini$y122$m3 E 89.1$j176684$nBK-PRI$b 4 copia$qFondi$B179305$CPULBib$Z2$F179305 $HBar661 $81 941 1 $a10 941 1 $a8 941 1 $a1 960 $aDiritto e religione$96 960 $aDiritto e religione$96 961 $aINV: F. Maccarrone 961 $aINV: 88449 996 $6020$a8813161425$9(OLS)http://pul/number/45105 996 $6245$aGli statuti delle conferenze episcopali.$n1,$pEuropa$9(OLS)http://pul/title/49258 996 $6246$aEuropa$9(OLS)http://pul/title/49259 996 $6260$aPadova :$bCEDAM$9(OLS)http://pul/publisher/48126 LEADER 01012nam a2200253 a 4500 001 000000142336 003 CaOOAMICUS 005 20150317114351.0 008 150317s1973 it u000 u ita r 040 $aPUL$bita 100 1 $aFrova, Carla.$0(OLS)http://pul/name/32784 245 10$aIstruzione e educazione nel Medioevo /$cCarla Frova. 260 $aTorino :$bLoescher Editore,$c1973. 300 $a152 p. ;$c19 cm 490 1 $aDocumenti della storia ;$v05 650 4$aMedioevo$xVita culturale.$0(OLS)http://pul/subject/19416 650 4$aIstruzione.$0(OLS)http://pul/subject/18256 830 0$aDocumenti della storia ;$v05.$0(OLS)http://pul/title/7751 850 $aPUL 852 $aPUL$W1$xDP1 Fondo Capitani$y116$m10 D 81.5$j164218$qFondi$B164374$CPULBib$Z2$F164374 $HCap127 $82 941 1 $a1 996 $6245$aIstruzione e educazione nel Medioevo$9(OLS)http://pul/title/60617 996 $6260$aTorino :$bLoescher Editore$9(OLS)http://pul/publisher/65935